000 00749nam a2200253 a 4500
001 BRL_294
005 20190320210656.0
008 230713s1973----uk-a######---#000-0#eng-#
020 _a0140020845
041 _aeng
044 _aUk
050 4 _aQL62
_b.D87 1973
100 1 _aDurrell, Gerald
_923480
245 1 0 _aA zoo in my luggage
_cGerald Durrell ; with illustrations by Ralph Thompson.
260 _aGran Bretaña
_bPenguin Books
_creimp. 1973
300 _a190 p.
_bil.
_c18 cm.
500 _aAu2318
650 1 4 _aZoología
_xConservación de especímenes
_923481
650 1 4 _aAnimales
_zCamerún
_923482
651 4 _aCamerún
_xDescripción y viajes
_915563
700 1 _aThompson, Ralph
_eil.
_923483
902 _aGRL
942 _2lcc
_cB
999 _c9107
_d9107